[Event "Oberliga Nord O 2223"]
[Site "Germany"]
[Date "2023.04.23"]
[Round "8.8"]
[White "Gross, Thorsten"]
[Black "Patzenhauer, Max"]
[Result "1-0"]
[WhiteElo "2130"]
[BlackElo "2004"]
[PlyCount "85"]
[EventDate "2022.10.23"]
[EventType "team-tourn"]
[EventRounds "9"]
[EventCountry "GER"]
[SourceTitle "EXT 2025"]
[Source "ChessBase"]
[SourceDate "2024.10.14"]
[SourceVersion "1"]
[SourceVersionDate "2024.10.14"]
[SourceQuality "1"]
[WhiteTeam "Berlin Weisse Dame"]
[BlackTeam "Greifswald"]
[WhiteTeamCountry "GER"]
[BlackTeamCountry "GER"]

1. c4 e5 2. Nc3 Nc6 3. g3 a6 4. Bg2 Bc5 5. a3 d6 6. b4 Ba7 7. Bb2 f5 8. e3 Nf6 9. Nge2 Qe7 10. Nd5 Qf7 11. Nxf6+ Qxf6 12. Nf4 Qf7 13. Bd5 Qf8 14. Ne2 Ne7 15. Bg2 Qf7 16. Rc1 c6 17. 0-0 h5 18. h4 g5 19. hxg5 h4 20. f4 hxg3 21. c5 Ng6 22. Qe1 Be6 23. cxd6 Qh7 24. Qxg3 Nxf4 25. Nxf4 exf4 26. Qxf4 Rg8 27. Bf6 Kd7 28. Kf2 Raf8 29. Rh1 Qg6 30. Rh6 Qe8 31. Rh7+ Rf7 32. Rch1 Bb8 33. Be5 Bb3 34. Qxf5+ Be6 35. Rxf7+ Qxf7 36. Qxf7+ Bxf7 37. Rh7 Ke6 38. Bf4 Rf8 39. Bh3+ Kd5 40. Rh6 Rd8 41. Rf6 Bg8 42. d3 c5 43. Bg2# 1-0

[Event "Greifswald Springer op"]
[Site "Greifswald"]
[Date "2022.10.09"]
[Round "4"]
[White "Patzenhauer, Max"]
[Black "Herrmann, Jakob"]
[Result "1-0"]
[WhiteElo "1946"]
[BlackElo "1888"]
[PlyCount "47"]
[EventDate "2022.10.08"]
[EventType "swiss"]
[EventRounds "7"]
[EventCountry "GER"]
[SourceTitle "CBM 210 Extra"]
[Source "ChessBase"]
[SourceDate "2022.11.30"]
[SourceVersion "1"]
[SourceVersionDate "2022.11.30"]
[SourceQuality "1"]

1. d4 Nf6 2. Nf3 g6 3. c4 Bg7 4. Nc3 0-0 5. Bg5 h6 6. Bh4 d6 7. e3 Nbd7 8. Be2 g5 9. Bg3 Nh5 10. Qc2 Nxg3 11. hxg3 e5 12. dxe5 dxe5 13. Rd1 c6 14. Ne4 f5 15. Nd6 e4 16. Nd4 Rf6 17. c5 Qa5+ 18. Kf1 Nxc5 19. Nxc8 Rxc8 20. Qc4+ Kh8 21. b4 Qc7 22. Qxc5 f4 23. Qxg5 Kg8 24. Bc4+ 1-0

[Event "Greifswald Springer op"]
[Site "Greifswald"]
[Date "2022.10.08"]
[Round "1"]
[White "Van Schaaik, Hans"]
[Black "Patzenhauer, Max"]
[Result "0-1"]
[WhiteElo "1595"]
[BlackElo "1946"]
[PlyCount "62"]
[EventDate "2022.10.08"]
[EventType "swiss"]
[EventRounds "7"]
[EventCountry "GER"]
[SourceTitle "CBM 210 Extra"]
[Source "ChessBase"]
[SourceDate "2022.11.30"]
[SourceVersion "1"]
[SourceVersionDate "2022.11.30"]
[SourceQuality "1"]

1. e4 e6 2. d4 d5 3. e5 c5 4. c3 Nc6 5. Nf3 Bd7 6. a3 Rc8 7. b4 cxb4 8. axb4 a6 9. Bd3 Nge7 10. 0-0 Ng6 11. Bg5 Qb6 12. h4 h6 13. Bd2 Be7 14. h5 Nf8 15. Na3 Nh7 16. Nc2 0-0 17. g4 f6 18. Bxh7+ Kxh7 19. exf6 Bxf6 20. g5 hxg5 21. Bxg5 e5 22. Bxf6 gxf6 23. dxe5 Rg8+ 24. Kh2 Nxe5 25. Nxe5 fxe5 26. Qxd5 Qc7 27. Qe4+ Kh8 28. Rad1 Bc6 29. Qd3 Rg2+ 30. Kh3 Qf7 31. f3 Rcg8 0-1

[Event "Neubrandenburg-chA"]
[Site "Neubrandenburg"]
[Date "2022.04.09"]
[Round "1"]
[White "Patzenhauer, Max"]
[Black "Wolter, Guenter"]
[Result "1-0"]
[WhiteElo "1938"]
[BlackElo "1819"]
[PlyCount "99"]
[EventDate "2022.04.09"]
[EventType "swiss"]
[EventRounds "7"]
[EventCountry "GER"]
[SourceTitle "CBM 207 Extra"]
[Source "ChessBase"]
[SourceDate "2022.05.31"]
[SourceVersion "1"]
[SourceVersionDate "2022.05.31"]
[SourceQuality "1"]

1. d4 Nf6 2. Nf3 g6 3. c4 Bg7 4. Nc3 d6 5. Bg5 0-0 6. e3 Re8 7. Be2 e5 8. dxe5 dxe5 9. Qxd8 Rxd8 10. Nd5 Rxd5 11. cxd5 Nxd5 12. 0-0-0 c6 13. e4 h6 14. exd5 hxg5 15. Kb1 g4 16. Ne1 c5 17. Nc2 Bf5 18. Bd3 e4 19. Be2 Nd7 20. Ne3 a6 21. Bxg4 Bxg4 22. Nxg4 Bd4 23. Kc2 f5 24. Ne3 Nf6 25. h3 f4 26. Ng4 Nxd5 27. Rhe1 Re8 28. a3 Kf7 29. b4 b6 30. Kb3 Nc3 31. Rc1 Nd5 32. Kc4 Nc7 33. bxc5 Bxc5 34. Rcd1 Nb5 35. a4 Nd6+ 36. Kd5 Nf5 37. Ne5+ Kg7 38. Kxe4 Bxf2 39. Rd7+ Kf6 40. Rf7+ Kg5 41. Rd1 Ng3+ 42. Kd5 Nf5 43. Nf3+ Kh6 44. Kc6 Re6+ 45. Kd7 Re4 46. Kc7 Nd4 47. Rh7+ Kxh7 48. Ng5+ Kh6 49. Nxe4 Be3 50. Kxb6 1-0

[Event "Berlin Lichtenberger op 18th"]
[Site "Berlin"]
[Date "2019.08.25"]
[Round "9"]
[White "Patzenhauer, Max"]
[Black "Fock, Sana"]
[Result "1/2-1/2"]
[WhiteElo "1945"]
[BlackElo "1800"]
[PlyCount "105"]
[EventDate "2019.08.17"]
[EventType "swiss"]
[EventRounds "9"]
[EventCountry "GER"]
[SourceTitle "EXT 2020"]
[Source "ChessBase"]
[SourceDate "2019.10.17"]
[SourceVersion "1"]
[SourceVersionDate "2019.10.17"]
[SourceQuality "1"]

1. d4 d5 2. Nf3 Nf6 3. e3 e6 4. Bd3 c5 5. b3 Nbd7 6. Nbd2 b6 7. Ne5 Bb7 8. 0-0 Be7 9. Bb2 0-0 10. Qf3 cxd4 11. exd4 Qc7 12. a3 g6 13. Rfe1 Rac8 14. Rac1 Nxe5 15. dxe5 Ne4 16. Nxe4 dxe4 17. Bxe4 Bxe4 18. Rxe4 Bg5 19. Rc4 Qb8 20. Rd1 Rxc4 21. bxc4 Qc7 22. Qe2 Rc8 23. Rd4 b5 24. Qd1 bxc4 25. Rd7 Qxd7 26. Qxd7 Rd8 27. Qd4 Rxd4 28. Bxd4 Be7 29. a4 a6 30. Kf1 Kf8 31. Ke2 Ke8 32. Kf3 Kd7 33. Ke4 Kc6 34. f4 h5 35. h3 Bc5 36. g4 hxg4 37. hxg4 Be7 38. Ba7 Bc5 39. Bxc5 Kxc5 40. c3 Kb6 41. Kd4 Ka5 42. Kxc4 Kxa4 43. Kd4 Kb3 44. c4 a5 45. c5 a4 46. c6 a3 47. c7 a2 48. c8Q a1Q+ 49. Ke3 Qg1+ 50. Kf3 Qh1+ 51. Kg3 Qe1+ 52. Kf3 Qh1+ 53. Kg3 1/2-1/2

[Event "Berlin Lichtenberger op 18th"]
[Site "Berlin"]
[Date "2019.08.23"]
[Round "7"]
[White "Patzenhauer, Max"]
[Black "Mock, Peter"]
[Result "0-1"]
[WhiteElo "1945"]
[BlackElo "1784"]
[PlyCount "80"]
[EventDate "2019.08.17"]
[EventType "swiss"]
[EventRounds "9"]
[EventCountry "GER"]
[SourceTitle "EXT 2020"]
[Source "ChessBase"]
[SourceDate "2019.10.17"]
[SourceVersion "1"]
[SourceVersionDate "2019.10.17"]
[SourceQuality "1"]

1. d4 d5 2. Nf3 Nf6 3. e3 e6 4. Bd3 Be7 5. Nbd2 0-0 6. 0-0 Nbd7 7. b3 c5 8. Bb2 a6 9. Ne5 Nxe5 10. dxe5 Nd7 11. Qh5 g6 12. Qh6 f5 13. c4 d4 14. Nf3 dxe3 15. Qxe3 b6 16. Rfd1 Bb7 17. Be2 Qc7 18. Rd2 Rfd8 19. Rad1 Nf8 20. h4 h6 21. Qxh6 Rxd2 22. Rxd2 Rd8 23. h5 Bxf3 24. hxg6 Rxd2 25. g7 Nh7 26. Bxf3 Rxb2 27. Qxe6+ Kxg7 28. Qxf5 Ng5 29. Bd5 Qd8 30. f4 Qf8 31. Qg4 Rb1+ 32. Kf2 Kh8 33. Qh5+ Nh7 34. f5 Bh4+ 35. g3 Bg5 36. Qg6 Rb2+ 37. Kf3 Be7 38. g4 Qg7 39. Qe8+ Bf8 40. Qe6 Ng5+ 0-1

[Event "Berlin Lichtenberger op 18th"]
[Site "Berlin"]
[Date "2019.08.20"]
[Round "4"]
[White "Woinowski, Michael"]
[Black "Patzenhauer, Max"]
[Result "0-1"]
[WhiteElo "1768"]
[BlackElo "1945"]
[PlyCount "150"]
[EventDate "2019.08.17"]
[EventType "swiss"]
[EventRounds "9"]
[EventCountry "GER"]
[SourceTitle "EXT 2020"]
[Source "ChessBase"]
[SourceDate "2019.10.17"]
[SourceVersion "1"]
[SourceVersionDate "2019.10.17"]
[SourceQuality "1"]

1. e4 e6 2. d4 d5 3. Nc3 Nf6 4. e5 Nfd7 5. f4 c5 6. Nf3 Qb6 7. Na4 Qa5+ 8. c3 cxd4 9. Nxd4 Nc6 10. Be3 Nxd4 11. Bxd4 b5 12. Nc5 Bxc5 13. Bxc5 Nxc5 14. b4 Qa3 15. bxc5 Qxc3+ 16. Kf2 Qxc5+ 17. Kg3 Qe3+ 18. Qf3 Qxf3+ 19. Kxf3 Bd7 20. Rb1 Rb8 21. Bd3 Ke7 22. Rhc1 a6 23. a3 Rhc8 24. Ke3 g6 25. g4 Rxc1 26. Rxc1 Rc8 27. Ra1 Rc3 28. Kd4 Rb3 29. g5 a5 30. Ra2 Kd8 31. h4 a4 32. Be2 b4 33. axb4 Rxb4+ 34. Ke3 Rb3+ 35. Kd4 Rb4+ 36. Ke3 Kc7 37. Rc2+ Kb6 38. h5 d4+ 39. Kd2 Bc6 40. hxg6 hxg6 41. Bd3 a3 42. Bc4 Be4 43. Bd3 Bc6 44. Bc4 Ba4 45. Rc1 a2 46. Bxa2 Rb2+ 47. Kd3 Rxa2 48. Kxd4 Bc6 49. Rb1+ Kc7 50. Rf1 Ra3 51. f5 exf5 52. e6 Kd6 53. exf7 Ra4+ 54. Kd3 Ke7 55. Rc1 Be4+ 56. Ke3 Kxf7 57. Rc7+ Kf8 58. Rc8+ Ke7 59. Rc7+ Kd6 60. Rg7 Ke5 61. Re7+ Kd6 62. Rg7 Kc5 63. Rc7+ Bc6 64. Rg7 Re4+ 65. Kf2 Re6 66. Rc7 Kd6 67. Rg7 Ke5 68. Kg3 f4+ 69. Kg4 Be4 70. Rf7 Bf5+ 71. Kf3 Ra6 72. Re7+ Be6 73. Rc7 Ra3+ 74. Kf2 Kf5 75. Rc5+ Kg4 0-1

[Event "Mecklenburg VP-ch MT"]
[Site "Greifswald"]
[Date "2019.04.15"]
[Round "5.6"]
[White "Krasov, Oleksi"]
[Black "Patzenhauer, Max"]
[Result "1/2-1/2"]
[WhiteElo "1953"]
[BlackElo "1940"]
[PlyCount "83"]
[EventDate "2019.04.13"]
[EventType "swiss"]
[EventRounds "7"]
[EventCountry "GER"]
[SourceTitle "EXT 2023"]
[Source "ChessBase"]
[SourceDate "2022.10.05"]
[SourceVersion "1"]
[SourceVersionDate "2022.10.05"]
[SourceQuality "1"]

1. d4 Nf6 2. Bf4 d5 3. e3 c5 4. c3 Nc6 5. Nd2 Bf5 6. dxc5 e5 7. Bg5 Bxc5 8. Qb3 Qb6 9. Bxf6 gxf6 10. 0-0-0 0-0-0 11. Qxb6 Bxb6 12. Ngf3 d4 13. Nc4 Bc5 14. b4 Be7 15. b5 Na5 16. cxd4 Nxc4 17. Bxc4 Ba3+ 18. Kd2 Bg4 19. Be2 Bxf3 20. Bxf3 exd4 21. exd4 Rxd4+ 22. Kc3 Rdd8 23. Bd5 Bc5 24. Rd3 Bxf2 25. Rf1 Bh4 26. g3 Bg5 27. h4 Bh6 28. Kc4 Bg7 29. Re1 Rhe8 30. Rde3 Rxe3 31. Rxe3 b6 32. Bxf7 Kc7 33. Bd5 Bf8 34. Re4 Bd6 35. Rg4 Re8 36. Bc6 Re7 37. h5 Re3 38. Rg7+ Re7 39. Rg8 Bc5 40. Rf8 Bf2 41. Rxf6 Bxg3 42. Bd5 1/2-1/2

[Event "Mecklenburg VP-ch MT"]
[Site "Greifswald"]
[Date "2019.04.14"]
[Round "3.6"]
[White "Kriese, Ralf"]
[Black "Patzenhauer, Max"]
[Result "0-1"]
[WhiteElo "1727"]
[BlackElo "1940"]
[PlyCount "50"]
[EventDate "2019.04.13"]
[EventType "swiss"]
[EventRounds "7"]
[EventCountry "GER"]
[SourceTitle "EXT 2023"]
[Source "ChessBase"]
[SourceDate "2022.10.05"]
[SourceVersion "1"]
[SourceVersionDate "2022.10.05"]
[SourceQuality "1"]

1. e4 g6 2. d4 Bg7 3. Be3 d6 4. c3 Nf6 5. f3 Nc6 6. Bd3 e5 7. d5 Ne7 8. Ne2 0-0 9. Nd2 Bd7 10. g4 c6 11. dxc6 bxc6 12. Ng3 d5 13. g5 Ne8 14. Nb3 Bh3 15. Qd2 Nc7 16. 0-0-0 Ne6 17. Bf1 Bxf1 18. Rdxf1 d4 19. Bf2 c5 20. c4 a5 21. h4 a4 22. Na1 Nc6 23. Kb1 Na5 24. Rc1 Qe7 25. Nc2 Nxc4 0-1

[Event "Mecklenburg VP-ch MT"]
[Site "Greifswald"]
[Date "2019.04.13"]
[Round "2.7"]
[White "Patzenhauer, Max"]
[Black "Schmidt, Arne"]
[Result "1/2-1/2"]
[WhiteElo "1940"]
[BlackElo "1629"]
[PlyCount "116"]
[EventDate "2019.04.13"]
[EventType "swiss"]
[EventRounds "7"]
[EventCountry "GER"]
[SourceTitle "EXT 2023"]
[Source "ChessBase"]
[SourceDate "2022.10.05"]
[SourceVersion "1"]
[SourceVersionDate "2022.10.05"]
[SourceQuality "1"]

1. d4 Nf6 2. Nf3 e6 3. Nbd2 b6 4. e4 Bb7 5. Bd3 Be7 6. 0-0 d5 7. e5 Nfd7 8. Qe2 0-0 9. Re1 c5 10. c3 Nc6 11. a3 Qc7 12. Nf1 Rfc8 13. Bg5 Bf8 14. b4 c4 15. Bc2 h6 16. Bd2 b5 17. Nh4 Ne7 18. Qg4 g6 19. Re3 Bg7 20. Rg3 Nf8 21. f4 h5 22. Qf3 a5 23. f5 exf5 24. Bxf5 Nxf5 25. Nxf5 gxf5 26. Bh6 Ng6 27. Bxg7 Kxg7 28. Ne3 Rh8 29. Nxf5+ Kg8 30. Rf1 Bc8 31. Nd6 Be6 32. Qf6 Rh6 33. Nxb5 Qd8 34. Qf3 axb4 35. axb4 h4 36. Qe3 hxg3 37. Qxh6 gxh2+ 38. Kxh2 Qh4+ 39. Qxh4 Nxh4 40. Kg3 Nf5+ 41. Kf4 Ra2 42. g4 Ne7 43. Nd6 Rc2 44. Rf3 Rg2 45. Nf5 Ng6+ 46. Kg5 Bxf5 47. Rxf5 Rg3 48. Kf6 Rxc3 49. e6 fxe6 50. Rg5 Rf3+ 51. Kxg6 c3 52. Re5 c2 53. Re1 Rf4 54. Rc1 Rxd4 55. Rxc2 Rxg4+ 56. Kf6 Rxb4 57. Kxe6 Rc4 58. Rg2+ Kf8 1/2-1/2

[Event "Groningen op 52nd"]
[Site "Groningen"]
[Date "2014.12.30"]
[Round "9"]
[White "Patzenhauer, Max"]
[Black "Gieben, Stijn"]
[Result "0-1"]
[WhiteElo "2000"]
[BlackElo "2062"]
[PlyCount "70"]
[EventDate "2014.12.21"]
[EventType "swiss"]
[EventRounds "9"]
[EventCountry "NED"]
[SourceTitle "EXT 2016"]
[Source "ChessBase"]
[SourceDate "2015.10.08"]
[SourceVersion "1"]
[SourceVersionDate "2015.10.08"]
[SourceQuality "1"]

1. d4 d5 2. Nf3 Nf6 3. Bf4 c5 4. c3 Nc6 5. h3 Qb6 6. Qb3 c4 7. Qc2 Bf5 8. Qc1 h6 9. Nbd2 e6 10. Ne5 Be7 11. f3 Nh5 12. Be3 Ng3 13. Nxc6 Qxc6 14. Rg1 Bh4 15. Bf2 0-0 16. e3 Nxf1 17. Nxf1 Be7 18. g4 Bd3 19. Ng3 b5 20. a3 a5 21. Ne2 b4 22. Nf4 Bh7 23. axb4 axb4 24. Kf1 Rxa1 25. Qxa1 Ra8 26. Qc1 bxc3 27. bxc3 Ra2 28. Be1 Ba3 29. Qd1 Bc2 30. Qe2 Bd3 31. Nxd3 Rxe2 32. Kxe2 cxd3+ 33. Kxd3 Qc4+ 34. Kc2 Qe2+ 35. Kb3 Bc1 0-1

[Event "Rostock SSC op 13th"]
[Site "Rostock"]
[Date "2014.07.25"]
[Round "4"]
[White "Patzenhauer, Max"]
[Black "Weber, Max"]
[Result "0-1"]
[WhiteElo "1922"]
[BlackElo "2172"]
[PlyCount "58"]
[EventDate "2014.07.23"]
[EventType "swiss"]
[EventRounds "7"]
[EventCountry "GER"]
[SourceTitle "EXT 2018"]
[Source "ChessBase"]
[SourceDate "2017.10.13"]
[SourceVersion "1"]
[SourceVersionDate "2017.10.13"]
[SourceQuality "1"]

1. b3 d5 2. Bb2 Nf6 3. e3 g6 4. f4 Bg7 5. Nf3 0-0 6. Bd3 c5 7. Nc3 Nc6 8. 0-0 Nb4 9. Be2 d4 10. exd4 cxd4 11. Nb5 d3 12. cxd3 Bf5 13. d4 Nd3 14. Bc3 Nd5 15. g3 a6 16. Na3 b5 17. b4 N3xb4 18. Qb3 Qd6 19. Ne5 Rac8 20. g4 Be6 21. Qb2 f6 22. f5 fxe5 23. dxe5 Nxc3 24. dxc3 Qc5+ 25. Kg2 Bd5+ 26. Bf3 Qxc3 27. Rab1 Bxf3+ 28. Rxf3 Qxb2+ 29. Rxb2 Nc6 0-1

[Event "Rostock SSC op 13th"]
[Site "Rostock"]
[Date "2014.07.23"]
[Round "2"]
[White "Patzenhauer, Max"]
[Black "Schulz, Michael"]
[Result "1/2-1/2"]
[WhiteElo "1922"]
[BlackElo "2218"]
[PlyCount "51"]
[EventDate "2014.07.23"]
[EventType "swiss"]
[EventRounds "7"]
[EventCountry "GER"]
[SourceTitle "EXT 2018"]
[Source "ChessBase"]
[SourceDate "2017.10.13"]
[SourceVersion "1"]
[SourceVersionDate "2017.10.13"]
[SourceQuality "1"]

1. Nf3 b5 2. d4 Bb7 3. e3 a6 4. Nbd2 Nf6 5. Bd3 e6 6. Qe2 c5 7. dxc5 Bxc5 8. b3 0-0 9. Bb2 Nc6 10. 0-0 Nb4 11. Bxf6 gxf6 12. Ne4 Be7 13. Rfd1 f5 14. Ng3 Bf6 15. Nd4 Bxd4 16. Bxf5 exf5 17. Rxd4 Qf6 18. Rad1 Nxa2 19. Rd6 Qg5 20. Qd3 Bc6 21. h4 Qg4 22. Rf6 Nc3 23. Rd2 Ne4 24. Nxf5 Qxg2+ 25. Kxg2 Nc5+ 26. Qd5 1/2-1/2

[Event "Mecklenburg VP-ch U25"]
[Site "Malchow"]
[Date "2014.02.03"]
[Round "5"]
[White "Goeths, Carl"]
[Black "Patzenhauer, Max"]
[Result "0-1"]
[WhiteElo "993"]
[BlackElo "1895"]
[PlyCount "119"]
[EventDate "2014.02.01"]
[EventType "swiss"]
[EventRounds "7"]
[EventCountry "GER"]
[SourceTitle "EXT 2017"]
[Source "ChessBase"]
[SourceDate "2016.10.25"]
[SourceVersion "1"]
[SourceVersionDate "2016.10.25"]
[SourceQuality "1"]

1. e4 e6 2. d4 d5 3. exd5 exd5 4. Bd3 c5 5. Be3 c4 6. Be2 Nf6 7. Nf3 Bd6 8. c3 Bf5 9. Nbd2 0-0 10. 0-0 Re8 11. b4 cxb3 12. axb3 Qc7 13. c4 dxc4 14. bxc4 Ng4 15. Bg5 Bxh2+ 16. Kh1 Nc6 17. Bh4 Bd6 18. Ng5 Nf6 19. c5 Bf8 20. Ngf3 Nd5 21. Bg3 Qd8 22. Bb5 Re6 23. Bc4 Rh6+ 24. Kg1 b6 25. Qb3 Be6 26. cxb6 Nxb6 27. Bf4 Nxc4 28. Nxc4 Nxd4 29. Nxd4 Qxd4 30. Bxh6 Bxc4 31. Be3 Qxa1 32. Qxc4 Qe5 33. Bd4 Qe6 34. Qxe6 fxe6 35. Ra1 a5 36. Ra4 Bd6 37. f3 Kf7 38. Kf2 Bb4 39. g4 g6 40. Ke3 h5 41. Kf4 Bd2+ 42. Kg3 Be1+ 43. Kh3 h4 44. f4 Rb8 45. Ra3 Rb5 46. Be5 Rd5 47. Kg2 Bb4 48. Rb3 Ke7 49. g5 Kd7 50. Kh3 Kc6 51. Kxh4 Kb5 52. Rb1 Rd3 53. Bf6 Kc4 54. Rc1+ Kd5 55. Kg4 Bc5 56. Be5 a4 57. Rf1 a3 58. Rf3 Rxf3 59. Kxf3 Bd4 60. Bxd4 0-1